=LDR 00000nam 2200000 4500 =001 000142 =020 $9786024076214 =082 $745.500 =100 $Derosya =245 $Aneka kreasi dari stik es krim =250 $Cetakan 1 =264 $Yogyakarta: Laksana 2019 =300 $68 halaman; 20 cm. =650 $Seni Dekorasi =905 $745.5 DER a =336 $$a =337 $$a =338 $$a =005 20260702151432.0 =008 260702s2026\\\\\\\\\\\\\\\\\\\\\\\\\\\\\\\\\\\\\\\\\